| 000 | 00997nam a22002177a 4500 | ||
|---|---|---|---|
| 005 | 20120514120238.0 | ||
| 010 | _a | ||
| 020 |
_a8171490549 _c300.00 |
||
| 035 | _aB-151509 | ||
| 037 | _b PUB | ||
| 082 | _a420.9 | ||
| 100 |
_aमिश्र, प्रेमशंकर _947065 |
||
| 245 |
_aआदिकालीन हिन्दी भाषा और साहित्य / _cप्रेमशंकर मिश्र |
||
| 260 |
_aदिल्ली _bसाहित्य सहकार _c2004 |
||
| 270 |
_a _b _e _k |
||
| 300 |
_a256पृ _c22सेमी (सजिल्द) |
||
| 650 |
_aहिन्दी भाषा _xव्याकरण _947066 |
||
| 700 |
_aकौशिक, ओमप्रकाश _945986 |
||
| 942 |
_2ddc _cHN _mमिश्रप्रे _h420.9 |
||
| 999 |
_c66580 _d66580 |
||